| 000 | 01375cam a2200253 4500 | ||
|---|---|---|---|
| 001 | ABS63940 | ||
| 008 | 000000n2001 000 0 eng u | ||
| 035 | _a(Sirsi) u112734 | ||
| 100 | _aButton, R | ||
| 245 | _aCoping with foot and mouth | ||
| 260 | _c2001 | ||
| 490 |
_aCSM _bChartered Surveyor Monthly _v(5) May 2001, 33(1) |
||
| 520 | _aDescribes how the recent foot and mouth crisis and subsequent access restrictions have implications for contractors fulfilling their contractual obligations. Considers the powers of local authorities outlined in the Foot and Mouth Disease Order 1983 (as amended in 2001), and examines their impact on the contractual arrangements in standard forms of contracts. Suggests that a conflict exists between many of the contracts and the statutory requirements, making work more expensive and the contractor potentially at risk for extra costs. A table detailing relevant provisions in standard forms of contract is available at http://www.ricsonline.org/info_centre/csm/articleresult.htm?count=206. | ||
| 590 | _aABS | ||
| 650 | _aFOOT-AND-MOUTH DISEASE | ||
| 650 | _aCONTRACTORS | ||
| 650 | _aSTANDARD FORM OF CONTRACT | ||
| 650 | _aACCESS TO LAND | ||
| 650 | _aRURAL LAND | ||
| 650 | _aFOOT AND MOUTH DISEASE ORDER 2001 | ||
| 650 | _aRESTRICTIONS | ||
| 690 | _aBUILT ENVIRONMENT-BUILDING CONTRACT FORMS | ||
| 942 | _n0 | ||
| 999 |
_c67124 _d67124 |
||